MARC

LEADER 00000nam0a2200000 4500
001 354265
005 20231102010656.0
035 |a (RuTPU)RU\TPU\retro\11523 
090 |a 354265 
100 |a 20200617d1945 k y0rusy50 ca 
101 0 |a rus 
102 |a RU 
105 |a a z 001zy 
200 1 |a Точное взвешивание  |f Н. М. Рудо  |g под ред. Б. А. Остроумова 
210 |a Ленинград  |c Ленинградское газетно-журнальное и книжное изд-во  |d 1945 
215 |a 99 с.  |c ил. 
300 |a Подписано к печати 11/I 1945 г. 
320 |a Библиогр. в конце кн. 
606 1 |a Взвешивание точное  |2 stltpush  |3 (RuTPU)RU\TPU\subj\2348  |9 30928 
610 1 |a масса 
610 1 |a вес 
610 1 |a весы 
610 1 |a гири 
610 1 |a погрешности 
610 1 |a взвешивание 
610 1 |a способы 
610 1 |a Великая Отечественная война 1941-1945 
610 1 |a коллекция: 1941-1945 гг. 
675 |a 681.26  |v 3 
700 1 |a Рудо  |b Н. М. 
702 1 |a Остроумов  |b Б. А.  |4 340 
801 1 |a RU  |b 63413507  |c 20200617 
801 2 |a RU  |b 63413507  |c 20200619  |g RCR 
942 |c BK